[Event "Bayernliga U20 1617"]
[Site "Bayern"]
[Date "2017.03.11"]
[Round "6.6"]
[White "Oberhofer, Marie"]
[Black "Seitz, Stefan"]
[Result "1-0"]
[WhiteElo "1705"]
[BlackElo "1290"]
[PlyCount "99"]
[EventDate "2016.11.12"]
[EventType "team-tourn"]
[EventRounds "7"]
[EventCountry "GER"]
[SourceTitle "EXT 2022"]
[Source "ChessBase"]
[SourceDate "2021.10.06"]
[SourceVersion "1"]
[SourceVersionDate "2021.10.06"]
[SourceQuality "1"]
[WhiteTeam "Regensburg Bavaria"]
[BlackTeam "Forchheim SC U20"]
[WhiteTeamCountry "GER"]
[BlackTeamCountry "GER"]

1. e4 d6 2. d4 Nf6 3. Nc3 g6 4. f3 Bg7 5. Be3 0-0 6. Qd2 e5 7. 0-0-0 exd4 8. Bxd4 Nc6 9. Be3 Re8 10. g4 b6 11. h4 Ne5 12. Be2 h5 13. Bg5 a6 14. gxh5 gxh5 15. Nh3 Bxh3 16. Rxh3 Qd7 17. Rg3 Kh7 18. f4 Neg4 19. e5 Ng8 20. Qd3+ Kh8 21. Bxg4 hxg4 22. Rdg1 f6 23. exf6 Nxf6 24. Bxf6 Bxf6 25. Qg6 Re6 26. Qxg4 Rae8 27. Ne4 Qe7 28. Qh5+ Qh7 29. Nxf6 Qxh5 30. Nxh5 Rh6 31. Rg5 c5 32. f5 Rf8 33. f6 Rh7 34. Kd2 Re8 35. Nf4 Rxh4 36. Ng6+ Kg8 37. Nxh4+ Kf7 38. Rf1 Rf8 39. Rg7+ Ke6 40. Re7+ Kd5 41. f7 Kc6 42. Re8 Rxf7 43. Rxf7 Kb5 44. Re6 a5 45. Rxd6 Ka6 46. Rff6 Kb5 47. Rxb6+ Kc4 48. Rfd6 a4 49. b3+ axb3 50. cxb3# 1-0

[Event "Bayernliga U20 1617"]
[Site "Bayern"]
[Date "2017.03.11"]
[Round "7.6"]
[White "Thorwarth, Paul"]
[Black "Seitz, Stefan"]
[Result "1-0"]
[WhiteElo "1381"]
[BlackElo "1290"]
[PlyCount "71"]
[EventDate "2016.11.12"]
[EventType "team-tourn"]
[EventRounds "7"]
[EventCountry "GER"]
[SourceTitle "EXT 2022"]
[Source "ChessBase"]
[SourceDate "2021.10.06"]
[SourceVersion "1"]
[SourceVersionDate "2021.10.06"]
[SourceQuality "1"]
[WhiteTeam "Augsburg SF U20"]
[BlackTeam "Forchheim SC U20"]
[WhiteTeamCountry "GER"]
[BlackTeamCountry "GER"]

1. e4 d6 2. d4 Nf6 3. Nc3 g6 4. Bg5 Bg7 5. e5 dxe5 6. dxe5 Qxd1+ 7. Rxd1 Nfd7 8. f4 f6 9. exf6 exf6 10. Bh4 Nc6 11. Nd5 0-0 12. Nxc7 Rb8 13. Bc4+ Kh8 14. Nf3 Nb6 15. Bb3 Na8 16. Nb5 Re8+ 17. Kf2 Bg4 18. Nd6 Re7 19. Rhe1 h6 20. Rxe7 Nxe7 21. Nf7+ Kh7 22. h3 Bxf3 23. Kxf3 g5 24. Bg3 Nf5 25. fxg5 Nxg3 26. gxh6 Bxh6 27. Nxh6 Kxh6 28. Kxg3 Rg8+ 29. Bxg8 Nc7 30. Rd7 f5 31. Rh7+ Kg5 32. h4+ Kf6 33. Rxc7 Kg6 34. Bh7+ Kh6 35. Bxf5 Kh5 36. Rh7# 1-0

[Event "Bayernliga U20 1617"]
[Site "Bayern"]
[Date "2017.01.21"]
[Round "4.5"]
[White "Ambach Salazar, Fridolin"]
[Black "Seitz, Stefan"]
[Result "1-0"]
[WhiteElo "1550"]
[BlackElo "1290"]
[PlyCount "75"]
[EventDate "2016.11.12"]
[EventType "team-tourn"]
[EventRounds "7"]
[EventCountry "GER"]
[SourceTitle "EXT 2022"]
[Source "ChessBase"]
[SourceDate "2021.10.06"]
[SourceVersion "1"]
[SourceVersionDate "2021.10.06"]
[SourceQuality "1"]
[WhiteTeam "Muenchen SO SK U20"]
[BlackTeam "Forchheim SC U20"]
[WhiteTeamCountry "GER"]
[BlackTeamCountry "GER"]

1. e4 d6 2. d4 Nf6 3. Nc3 g6 4. Nf3 Bg7 5. Be3 0-0 6. Qd2 Ng4 7. Bf4 e5 8. Bg5 f6 9. Bc4+ Kh8 10. Bh4 g5 11. Bg3 exd4 12. Nxd4 Ne5 13. Be6 Nbc6 14. Bxc8 Nc4 15. Nxc6 Qxc8 16. Qe2 Nxb2 17. Ne7 Qe6 18. Nf5 Nc4 19. Nxg7 Kxg7 20. 0-0 Rfe8 21. Rfe1 c6 22. Rad1 b5 23. Nb1 f5 24. f3 f4 25. Bf2 d5 26. Qd3 Rad8 27. exd5 Qxd5 28. Qc3+ Re5 29. Rxd5 Rdxd5 30. Bd4 Kf6 31. Rxe5 Rxe5 32. Bxe5+ Nxe5 33. Nd2 Kf5 34. Qc5 h5 35. Qxa7 g4 36. Qh7+ Kg5 37. Ne4+ Kh4 38. Qe7# 1-0